书目信息 |
| 题名: |
尚派形意拳械抉微
|
|
| 作者: | 李宏 | |
| 分册: | ||
| 出版信息: | 哈尔滨 哈尔滨工业大学出版社 2002 |
|
| 页数: | 143 | |
| 开本: | 26cm | |
| 丛书名: | ||
| 单 册: | ||
| 中图分类: | G852.14 | |
| 科图分类: | ||
| 主题词: | 民族形式体育 , 武术 | |
| 电子资源: | ||
| ISBN: | 7-5603-1791-X | |
| 000 | 00622nam0 2200205 450 | |
| 001 | 0736480453 | |
| 005 | 20070817100800.46 | |
| 010 | @a7-5603-1791-X@d¥58.00 | |
| 100 | @a20070817d km y0chiy0120 ea | |
| 101 | 0 | @achi |
| 200 | 1 | @a尚派形意拳械抉微@Ashang pai xing yi quan xie jue wei@e中华传统武术精粹@f李宏@Fli hong |
| 210 | @a哈尔滨@c哈尔滨工业大学出版社@d2002 | |
| 215 | @a143@d26cm | |
| 517 | 1 | @a中华传统武术精粹@Azhong hua chuan tong wu shu jing cui |
| 606 | 0 | @a民族形式体育 |
| 606 | 0 | @a武术 |
| 690 | @aG852.14@v3 | |
| 701 | 0 | @a李宏@Ali hong |
| 801 | 0 | @aCN@bPFT@c20070817 |
| 905 | @a213230@dG852.14@et70@f1 | |
| 尚派形意拳械抉微:中华传统武术精粹/李宏.-哈尔滨:哈尔滨工业大学出版社,2002 |
| 143;26cm |
| ISBN 7-5603-1791-X:¥58.00 |
| ● |
| 相关链接 |
|
|
|
|
正题名:尚派形意拳械抉微
索取号:G852.14/t70
 
预约/预借
| 序号 | 登录号 | 条形码 | 馆藏地/架位号 | 状态 | 备注 |
| 1 | 6902032 | 269020329 | 密集书库-体育系/ [索取号:G852.14/t70] | 在馆 |